Listening 1

Bìa sách ghi trường Đại học sư phạm Hà Nội. Khoa Tiếng Anh; Sách dành cho sinh viên năm nhất chuyên ngành tiếng Anh.Cùng bộ với cuốn sách listening 2. Sách gồm 14 bài học, ngoài bài học chính còn có các bài tập thực hành giúp sinh viên chuẩn bị...

Deskribapen osoa

Gorde:
Xehetasun bibliografikoak
Egile nagusia: Trần, Thiên Tú
Formatua: Liburua
Hizkuntza:Undetermined
Argitaratua: H. Đại học sư phạm 2011
Gaiak:
Sarrera elektronikoa:http://lrc.tdmu.edu.vn/opac/search/detail.asp?aID=2&ID=19734
Etiketak: Etiketa erantsi
Etiketarik gabe, Izan zaitez lehena erregistro honi etiketa jartzen!
Thư viện lưu trữ: Trung tâm Học liệu Trường Đại học Thủ Dầu Một
LEADER 01039nam a2200205Ia 4500
001 TDMU_19734
008 210410s9999 xx 000 0 und d
082 |a 428.3 
090 |b TR121 
100 |a Trần, Thiên Tú 
245 0 |a Listening 1 
245 0 |c Trần Thiên Tú 
260 |a H. 
260 |b Đại học sư phạm 
260 |c 2011 
300 |a 130tr. 
520 |a Bìa sách ghi trường Đại học sư phạm Hà Nội. Khoa Tiếng Anh; Sách dành cho sinh viên năm nhất chuyên ngành tiếng Anh.Cùng bộ với cuốn sách listening 2. Sách gồm 14 bài học, ngoài bài học chính còn có các bài tập thực hành giúp sinh viên chuẩn bị cho bài kiểm tra giữa kỳ và bài thi kết thúc môn học. 
650 |a Tiếng Anh  |x Kỹ năng nghe  |v Giáo trình 
856 |u http://lrc.tdmu.edu.vn/opac/search/detail.asp?aID=2&ID=19734 
980 |a Trung tâm Học liệu Trường Đại học Thủ Dầu Một